Normal view
MARC view
- المصارف
Entry Topical Term
001 - CONTROL NUMBER
- control field: 34828
003 - CONTROL NUMBER IDENTIFIER
- control field: JO-AjAnu
005 - DATE AND TIME OF LATEST TRANSACTION
- control field: 20230606075829.0
008 - FIXED-LENGTH DATA ELEMENTS
- fixed length control field: 230606|| aca||aabn | a|a d
040 ## - CATALOGING SOURCE
- Original cataloging agency: JO-AjAnu
- Transcribing agency: JO-AjAnu
150 ## - HEADING--TOPICAL TERM
- Topical term or geographic name entry element: المصارف
670 ## - SOURCE DATA FOUND
- Source citation: Work cat.: (JO-AjAnu)17886: تأليف مولينو، فليب ؛ ترجمة مظهر مصطفى الحلاوي ؛ تحرير وتدقيق رائد السمره, author 34827, مقدمة في الصيرفة =Banking an introductory text